MDQL
is popping MORE tags! Check the
thread
!
Quizzes
Events
Quiz Creation
Community
Videos
Private Events
Remove Ads
Sign In
Join for FREE
Feedback
Dark Mode
Quiz Categories
Sports
Geography
Music
Movies
Television
Just For Fun
Miscellaneous
History
Literature
Language
Science
Gaming
Entertainment
Religion
Holiday
For Kids
Quiz Lab
Recent
Popular Today
Quiz Kudos Today
Editor Picks
Curator Picks
Quizzes by...
Day
Popularity
Type
Ratings
Length
Year
Community
Subscriptions
Recent Discussions
Orange Saloon
Badges
Playlists
Quests
Create
Leaderboards
Showdown
Live 5
Trivia Bingo
Activity
Puzzle Library
Sporcle Events
Private Events
Virtual Trivia
Globe League
Become a Host
Pub Owners
SporcleCon
Opinionation
Our Games
Videos
Blog
Mobile Apps
Partnerships
Remove Ads and Go Orange
Feedback
Sports
Athletes
MLB
NBA
NHL
NFL
Soccer
Sports Teams
WWE
NCAA
Football
Premier League
Basketball
Baseball
Hockey
Golf
Tennis
Cricket
Rugby
Auto Racing
Olympics
World Cup
Sports
Athletes
MLB
NBA
NHL
NFL
Soccer
Sports Teams
WWE
NCAA
Football
Premier League
Basketball
Baseball
Hockey
Golf
Tennis
Cricket
Rugby
Auto Racing
Olympics
World Cup
Random Quiz
Search Sporcle
×
Quiz Lab
Quiz Lab
Sports
Rugby
Type in answers that appear in a list
Type in answers that appear in a list
Classic
Best Score? Go Orange.
Amlin Challenge Cup 2011-12 Stats
Can you name the Amlin Challenge Cup 2011-12?
By
sportandindie
5m
20 Questions
13 Plays
13 Plays
13 Plays
Comments
Comments
Give Quiz Kudos
Give Quiz Kudos
-
- Ratings
hide this ad
More Info
Replay
Link that replays current quiz
Next Quiz
Link to next quiz in quiz playlist
You Got
0%
They Got
Avg Score
42%
Avg Friend Score
Upgrade to see
Score Distribution
Jump to the score distribution portion of the page
Score
0/20
Timer
05:00
0
Plays Today
Pool
Team
% Correct
1
Worcester Warriors
76.9%
2
Toulon
76.9%
2
Newcastle Falcons
76.9%
3
London Wasps
76.9%
4
Newport Gwent Dragons
69.2%
5
Sale Sharks
69.2%
1
Stade Francais Paris
61.5%
4
Exeter Chiefs
61.5%
4
Perpignan
46.2%
5
SU Agen
46.2%
Pool
Team
% Correct
1
Bucuresti Wolves
38.5%
3
Bayonne
38.5%
1
Banta Monte Crociati
30.8%
3
Bordeaux-Begles
23.1%
5
Brive
23.1%
4
I Cavalieri Prato
15.4%
2
Lyon Rugby
7.7%
3
Femi-CZ VEA Rovigo
7.7%
2
Petrarca Padova
0%
5
Rugby Club La Villa
0%
Quiz Playlist
Details
Report
Send in Message
Add To Playlist
More Info:
Can you name all the teams competing in the 2011-12 Amlin Challenge Cup?
Classic:
Type in answers that appear in a list
Last Updated: Feb 16, 2017
Quiz Scoreboard
CHALLENGE
Sign Up to Join the Scoreboard
Show All
Scores
Hide
Comments
May contain spoilers
Recently Published
5x2 Blitz: Bands
by SL_Kpop136
Music
30s
Colored Red Africa Blitz
by spor1
Geography
30s
Find the 'City' Movie
by crazypaving
Movies
60s
More to Explore
Quiz From the Vault
Featured Blog Post
14 Easter Pick-up Lines to Find Eggs With
hide this ad
You Might Also Like...
Tags
Europe Quiz
Rugby Quiz
Amlin Cup
challenge
cup
Europe Clubs
Today's Top Quizzes in Sports
Browse Sports
hide this ad
Today's Top Quizzes in Rugby
Browse Rugby
Top Contributed Quizzes in Sports
1
Players with Multiple 50 Home Run Seasons
2
Les entraîneurs de l'OM et du PSG au 21e siècle
3
Criteria MLB: Left Handed Sluggers
4
2022 World Cup Stars
5
Les meilleurs buteurs des matchs entre le PSG et l’OM
6
Who Hit More Homers?
7
Les joueurs passés par le PSG et l'OM
8
NBA Logic Puzzle 2.0
9
Top 10 NHL Goal Scorers of All Time
10
MLB Players with Two .350 Batting Average Seasons
Explore More
Trending Topics
Harry Potter
Kpop
Disney
Marvel
NBA
Anime
Crossword
Soccer
The Office
Country
NFL
Puzzle
Pokémon
WWE
Song
hide this ad
More By:
sportandindie
Quiz
Plays
Rating
Category
Featured
Created
Arctic Monkeys Songs
446
3.33
Music
Dec 3, 2011
Tallest Barclays Premier League Players
265
Sports
Nov 26, 2011
Euro 2012 teams
188
Sports
Dec 2, 2011
Top Premier League goalscorers 2011-12
180
2.00
Sports
Nov 26, 2011
Little by Little lyrics
154
5.00
Music
Aug 27, 2012
Go to Creator's Profile
Score Distribution
Quiz Creator Spotlight
sportandindie
Follow
Send a Message
Quizzes Created
-
Created Quiz Play Count
-
More By This Creator
Popular Quizzes Today
1
Colored Red Africa Blitz
2
Find the 'City' Movie
3
Find the US States - No Outlines Minefield
4
5x2 Blitz: Bands
5
The Countries of the World
6
Find the US States
7
US States
8
9x9 Crossword: Cartoon Network
More Sports Quizzes
Pac-12 North Crossword
Quiz Lab
Trending Quizzes
Colored Red Europe Blitz I
Colored Red Europe Blitz II
Colored Red Africa Blitz II
Colored Red Europe Blitz III
Colored Red Africa Blitz III
Recently Updated
How Do You Spell That?
pecheneg
Godzilla Movies
pecheneg
Grab Bag: 4-10 Letters
pecheneg
2024 March Madness Bracket
pecheneg
Famous TV Couples
Peacemaker
Champions League XIs: Real Madrid
pecheneg
Largest US Cities 1790-2010
pecheneg
Rides in Walt Disney World
pecheneg
Most Oscar Losses (Acting)
pecheneg
Beyoncé Albums
pecheneg
Trending Topics
Disney
Crossword
Harry Potter
Anime
NBA
Kpop
Marvel
NFL
Soccer
Country
Pokémon
Puzzle
Song
WWE
The Office
Your Account Isn't Verified!
In order to create a playlist on Sporcle, you need to verify the email address you used during registration. Go to your
Sporcle Settings
to finish the process.
Report this User
Report this user for behavior that violates our
Community Guidelines
.
Details:
Send Report
Go to the Sporcle.com Mobile Site →
Comments